Pop pop pop pop pop. (Record no. 112078)
[ view plain ]
| 000 -LEADER | |
|---|---|
| fixed length control field | 00274nam a2200121 a 4500 |
| 001 - CONTROL NUMBER | |
| control field | 4136 |
| 005 - DATE AND TIME OF LATEST TRANSACTION | |
| control field | 20140414131927.0 |
| 008 - FIXED-LENGTH DATA ELEMENTS--GENERAL INFORMATION | |
| fixed length control field | 090217s19uu xx 00 eng d |
| 050 ## - LIBRARY OF CONGRESS CALL NUMBER | |
| Classification number | ER |
| Item number | P81 2000 |
| 100 ## - MAIN ENTRY--PERSONAL NAME | |
| Personal name | Martin, David |
| 245 ## - TITLE STATEMENT | |
| Title | Pop pop pop pop pop. |
| Withdrawn status | Lost status | Damaged status | Home library | Current library | Shelving location | Date acquired | Total Checkouts | Full call number | Barcode | Date last seen | Price effective from | Koha item type |
|---|---|---|---|---|---|---|---|---|---|---|---|---|
| Munich Library | Munich Library | Easy Reading Section | 02/17/2009 | ER P81 2000 | M3104 | 04/14/2014 | 04/14/2014 | Books |